ADVANCED INSTRUMENTATION TECHNIQUES (Record no. 34475)

MARC details
000 -LEADER
fixed length control field 00299nam a22001337a 4500
003 - CONTROL NUMBER IDENTIFIER
control field SGT
020 ## - INTERNATIONAL STANDARD BOOK NUMBER
International Standard Book Number 9354511384
082 ## - DEWEY DECIMAL CLASSIFICATION NUMBER
Classification number 543.19
Item number RAY
100 ## - MAIN ENTRY--PERSONAL NAME
Personal name RAYAJI ASHWINI
245 ## - TITLE STATEMENT
Title ADVANCED INSTRUMENTATION TECHNIQUES
260 ## - PUBLICATION, DISTRIBUTION, ETC. (IMPRINT)
Place of publication, distribution, etc INDIA
Name of publisher, distributor, etc NIRALI PUB
Year of Publication 2022
300 ## - PAGE DESCRIPTION
No. of Pages 5.10
942 ## - ADDED ENTRY ELEMENTS (KOHA)
Source of classification or shelving scheme Dewey Decimal Classification
Koha item type Books
Holdings
Withdrawn status Lost status Source of classification or shelving scheme Damaged status Not for loan Collection code Home library Current library Shelving location Date acquired Vendor Name SGTU Bill Number Total Checkouts Full call number Accession No. (Barcode) Date last seen Bill Date Koha item type
    Dewey Decimal Classification     SCIENCE SGT Science & Social Sciences Library SGT Science & Social Sciences Library Text Book 26/03/2026 ABC SGTU 22597   543.19 RAY DP1991 26/03/2026 09/03/2026 Books
    Dewey Decimal Classification     SCIENCE SGT Science & Social Sciences Library SGT Science & Social Sciences Library Text Book 26/03/2026 ABC SGTU 22597   543.19 RAY DP1992 26/03/2026 09/03/2026 Books